00479nam a2200169Ia 4500999001700000003000400017005001700021008004100038040000900079082001500088100003100103245007600134260004200210300000900252650001200261942003600273 c18923d18923OSt20200623114703.0190216s9999||||xx |||||||||||||| ||und|| coclc a954bROT/P aRothermund, Dietmar 93121 4aThe Phases Of Indian Nationalism And Other Essays /cDietmar Rothermund bNechikata Publishing,aBombay:c1970. a270p aHistory cBK2ddch954iROT/Pk954mROT/P